Writers express : (Record no. 14665)

MARC details
000 -LEADER
fixed length control field 00805nam a22002172 4500
001 - CONTROL NUMBER
control field 0000012581
005 - DATE AND TIME OF LATEST TRANSACTION
control field 20151217160127.0
008 - FIXED-LENGTH DATA ELEMENTS--GENERAL INFORMATION
fixed length control field 090222s xx 000 0 eng d
020 ## - INTERNATIONAL STANDARD BOOK NUMBER
International Standard Book Number 0669386332 :
040 ## - CATALOGING SOURCE
Original cataloging agency KABU
Transcribing agency KABU
100 1# - MAIN ENTRY--PERSONAL NAME
Personal name Kemper, Dave.
-- 0000169463
245 10 - TITLE STATEMENT
Title Writers express :
Remainder of title a handbook for young writers, thinkers, and learners /
Statement of responsibility, etc. written and compiled by Dave Kemper, Ruth Nathan, Patrick Sebranek; illustrated by Chris Krenzke.
250 ## - EDITION STATEMENT
Edition statement 1st ed.
260 ## - PUBLICATION, DISTRIBUTION, ETC. (IMPRINT)
Place of publication, distribution, etc. Wilmington, MA. :
Name of publisher, distributor, etc. Write Source,
Date of publication, distribution, etc. 1995.
300 ## - PHYSICAL DESCRIPTION
Extent xi, 452 p.
650 #0 - SUBJECT ADDED ENTRY--TOPICAL TERM
Topical term or geographic name as entry element Authorship
General subdivision Study and teaching.
-- 0000169464
852 1# - LOCATION
-- p500 KES
852 1# - LOCATION
-- p500 KES
908 ## - PUT COMMAND PARAMETER (RLIN)
Put command parameter 090222
950 ## - LOCAL HOLDINGS (RLIN)
-- 1
Holdings
Withdrawn status Lost status Source of classification or shelving scheme Not for loan Home library Current library Date acquired Total Checkouts Full call number Barcode Date last seen Price effective from Koha item type
    Library of Congress Classification   Kabarak, Main Campus Kabarak, Main Campus 17/12/2015   PN181 .K46 1995 c. 1 16731 17/12/2015 17/12/2015 Children Collection
    Library of Congress Classification   Kabarak, Main Campus Kabarak, Main Campus 17/12/2015   PN181 .K46 1995 c. 2 16732 17/12/2015 17/12/2015 Children Collection
Designed with assistance from East African Informatics Ltd